The novels of V. S. naipual the post colonial and the quest for identity / (Record no. 41982)

MARC details
000 -LEADER
fixed length control field 00710nam a22002057a 4500
005 - DATE AND TIME OF LATEST TRANSACTION
control field 20100814154354.0
010 ## - LCCN (DPL NO)
LC control number ENG-100418
020 ## - INTERNATIONAL STANDARD BOOK NUMBER
Terms of availability 60.00
035 ## - SYSTEM CONTROL NUMBER
System control number EN-83951
037 ## - SOURCE OF ACQUISITION
Source of stock number/acquisition DBAD/PUB
082 ## - DEWEY DECIMAL CLASSIFICATION NUMBER
Classification number N
100 ## - MAIN ENTRY--PERSONAL NAME
Personal name Mannarsamy, N.
245 ## - TITLE STATEMENT
Title The novels of V. S. naipual the post colonial and the quest for identity /
Statement of responsibility, etc by N. Mannarsamy
260 ## - PUBLICATION, DISTRIBUTION, ETC. (IMPRINT)
Place of publication, distribution, etc Kattumannar Koil
Name of publisher, distributor, etc Nadanam Publications
Date of publication, distribution, etc 2006
270 ## - ADDRESS
Address K. K. Nallur, South Street
City Kattumannar Koil
300 ## - PHYSICAL DESCRIPTION
Extent 144p.
Dimensions 20cm (pbk)
500 ## - GENERAL NOTE
General note Included bibliographical references
942 ## - ADDED ENTRY ELEMENTS (KOHA)
Source of classification or shelving scheme Dewey Decimal Classification
Item type English Books
Classification part N
Call number suffix MAN
Holdings
Withdrawn status Lost status Not for loan Collection code Home library Current library Date acquired Source of acquisition Cost, normal purchase price Full call number Barcode Copy number Cost, replacement price Koha item type
    Not For Loan Fiction D.B.Act.Division D.B.Act.Division 14/08/2010 DBAD/PUB 60.00 N MAN EN-83951 1 60.00 English Books

© Delhi Public Library
Hit Counter
free hit counter